[Event "Cracovia 2009"]
[Site "Krakow"]
[Date "2010.01.02"]
[Round "7.9"]
[White "Nguyen, Piotr"]
[Black "Strzemiecki, Zbigniew"]
[Result "0-1"]
[WhiteElo "2353"]
[BlackElo "2333"]
[PlyCount "82"]
[EventDate "2009.??.??"]

1. e4 e6 2. d4 d5 3. Nd2 Be7 4. Bd3 c5 5. dxc5 Nf6 6. Qe2 Nc6 7. c3 d4 8. Ngf3
dxc3 9. bxc3 e5 10. Nb3 Bg4 11. O-O O-O 12. h3 Bxf3 13. Qxf3 Nd7 14. Be3 Qc7
15. Bc4 a5 16. a4 Ncb8 17. Qg3 Na6 18. Bd5 Naxc5 19. Nxc5 Nxc5 20. f4 Bf6 21.
f5 Rab8 22. Qf2 Nd3 23. Qd2 Nf4 24. c4 Be7 25. Rfc1 Bb4 26. Qd1 Bc5 27. Bxc5
Qxc5+ 28. Kh2 g6 29. Qd2 gxf5 30. g3 Nxd5 31. cxd5 Qd6 32. exf5 Qf6 33. Rf1 e4
34. Rae1 Rfe8 35. Rf4 b5 36. Rfxe4 Rxe4 37. Rxe4 bxa4 38. Re2 a3 39. Qf4 Rb2
40. Qg4+ Kf8 41. Rg2 a2 0-1

[Event "Cracovia 2009"]
[Site "Krakow"]
[Date "2010.01.02"]
[Round "7.10"]
[White "Kalvaitis, Sigitas"]
[Black "Dziuba, Marcin"]
[Result "1/2-1/2"]
[WhiteElo "2270"]
[BlackElo "2573"]
[PlyCount "135"]
[EventDate "2009.??.??"]

1. e4 c5 2. Nf3 d6 3. Bb5+ Nc6 4. O-O Bd7 5. Re1 Nf6 6. h3 Ne5 7. Bxd7+ Nfxd7
8. d3 g6 9. Nxe5 Nxe5 10. Be3 Bg7 11. Nc3 O-O 12. Qd2 f5 13. exf5 Rxf5 14. Bh6
Bxh6 15. Qxh6 Qd7 16. Ne4 Raf8 17. Re2 Rh5 18. Qe3 Nf3+ 19. gxf3 Qxh3 20. Ng3
Qh2+ 21. Kf1 Re5 22. Qd2 Rxf3 23. Rxe5 Rxg3 24. fxg3 Qxd2 25. Rxe7 Qxc2 26.
Rae1 Qxd3+ 27. Kg2 Qd5+ 28. Kg1 Qd4+ 29. Kf1 Qxb2 30. Rc7 Kf8 31. Kg1 Qd4+ 32.
Kh1 Qd5+ 33. Kg1 Qg5 34. Rf1+ Kg8 35. Rff7 Qxg3+ 36. Kh1 Qh4+ 37. Kg2 Qe4+ 38.
Kg3 Qe5+ 39. Kf2 Qb2+ 40. Kg3 Qa3+ 41. Kg4 Qb4+ 42. Kg3 Qc3+ 43. Kg2 Qd2+ 44.
Kg3 Qe3+ 45. Kg2 Qe4+ 46. Kg3 Qe5+ 47. Kf2 Qd4+ 48. Kg3 c4 49. Rfd7 Qg1+ 50.
Kh3 Qf1+ 51. Kg3 Qf8 52. Rxc4 b5 53. Rcc7 h5 54. Rxa7 g5 55. Rdb7 d5 56. Ra6
h4+ 57. Kh2 d4 58. Rg6+ Kh8 59. Rgb6 Qf4+ 60. Kg2 d3 61. Rb8+ Kg7 62. R8b7+ Kf8
63. Rb8+ Ke7 64. R6b7+ Kd6 65. Rb6+ Kd7 66. R6b7+ Ke6 67. Rb6+ Kd7 68. R6b7+
1/2-1/2

[Event "Cracovia 2009"]
[Site "Krakow"]
[Date "2010.01.02"]
[Round "7.11"]
[White "Jerez Perez, Alfonso"]
[Black "Bartel, Michal"]
[Result "1/2-1/2"]
[WhiteElo "2406"]
[BlackElo "2234"]
[PlyCount "44"]
[EventDate "2009.??.??"]

1. e4 e5 2. Nf3 Nc6 3. d4 exd4 4. Nxd4 g6 5. Nc3 Bg7 6. Be3 Nf6 7. Qd2 O-O 8.
f3 Re8 9. O-O-O d5 10. Nxc6 bxc6 11. exd5 Nxd5 12. Nxd5 Qxd5 13. Qxd5 cxd5 14.
Bf4 c6 15. g4 Re6 16. g5 Bb7 17. Bh3 Re2 18. Rde1 Rae8 19. Rxe2 Rxe2 20. Kd1
Re8 21. b3 f6 22. Re1 Kf7 1/2-1/2

[Event "Cracovia 2009"]
[Site "Krakow"]
[Date "2010.01.02"]
[Round "7.12"]
[White "Fraczek, Daniel"]
[Black "Gbyl, Andrzej"]
[Result "1/2-1/2"]
[WhiteElo "2371"]
[BlackElo "2270"]
[PlyCount "92"]
[EventDate "2009.??.??"]

1. d4 d5 2. Nf3 c6 3. c4 Nf6 4. e3 Bf5 5. Nc3 e6 6. Nh4 Bg4 7. Qb3 Qb6 8. h3
Bh5 9. g4 Bg6 10. Nxg6 hxg6 11. Bg2 Nbd7 12. Bd2 Be7 13. O-O-O Qxb3 14. axb3
Nb6 15. cxd5 exd5 16. f3 O-O-O 17. Kc2 Ne8 18. Bc1 Nc7 19. e4 Ne6 20. Ne2 c5
21. dxc5 Bxc5 22. e5 g5 23. f4 gxf4 24. Nxf4 Nd4+ 25. Kc3 Nb5+ 26. Kd3 Nc7 27.
Bd2 Kb8 28. Rhf1 Nd7 29. Rde1 Rhe8 30. Nh5 g6 31. Nf6 Nxe5+ 32. Kc2 Re6 33. Bf4
Rxf6 34. Bxe5 Rxf1 35. Rxf1 Re8 36. Bxc7+ Kxc7 37. Bxd5 Re2+ 38. Kd3 Rf2 39.
Rxf2 Bxf2 40. g5 Bh4 41. Bxf7 Bxg5 42. Bxg6 Bf6 43. Kc2 a5 44. b4 axb4 45. b3
Kd6 46. Kd3 Ke7 1/2-1/2

[Event "Cracovia 2009"]
[Site "Krakow"]
[Date "2010.01.02"]
[Round "7.13"]
[White "Matras-Clement, Agnieszka"]
[Black "Bronowicki, Mateusz"]
[Result "1/2-1/2"]
[WhiteElo "2231"]
[BlackElo "2366"]
[PlyCount "32"]
[EventDate "2009.??.??"]

1. e4 e6 2. d4 d5 3. Nd2 Nf6 4. e5 Nfd7 5. Bd3 c5 6. c3 Nc6 7. Ne2 cxd4 8. cxd4
f6 9. exf6 Qxf6 10. Nf3 h6 11. O-O Bd6 12. Ng3 O-O 13. Bc2 Rd8 14. Re1 Nf8 15.
Ne5 Bd7 16. f4 Rac8 1/2-1/2

[Event "Cracovia 2009"]
[Site "Krakow"]
[Date "2010.01.02"]
[Round "7.14"]
[White "Sadzikowski, Daniel"]
[Black "Rudnicki, Milosz"]
[Result "1/2-1/2"]
[WhiteElo "2287"]
[BlackElo "2221"]
[PlyCount "39"]
[EventDate "2009.??.??"]

1. e4 c5 2. Nf3 d6 3. d4 cxd4 4. Nxd4 Nf6 5. Nc3 g6 6. Be3 Bg7 7. f3 Nc6 8. Bc4
O-O 9. Qd2 Nd7 10. Bb3 Nb6 11. h4 Na5 12. O-O-O Nbc4 13. Bxc4 Nxc4 14. Qd3 Nxe3
15. Qxe3 Bd7 16. h5 Rc8 17. Kb1 a6 18. g4 Rc4 19. g5 b5 20. Rd3 1/2-1/2

[Event "Cracovia 2009"]
[Site "Krakow"]
[Date "2010.01.02"]
[Round "7.15"]
[White "Vlcek, Stanislav"]
[Black "Wcislo, Damian"]
[Result "1-0"]
[WhiteElo "2286"]
[BlackElo "2220"]
[PlyCount "121"]
[EventDate "2009.??.??"]

1. Nf3 d5 2. c4 c6 3. g3 Nf6 4. Bg2 Bg4 5. Ne5 Be6 6. cxd5 Bxd5 7. Nf3 c5 8.
Nc3 Bc6 9. O-O Nbd7 10. d4 e6 11. Be3 Be7 12. a3 O-O 13. h3 Rc8 14. Rc1 h6 15.
Qd2 c4 16. Bf4 Ne4 17. Nxe4 Bxe4 18. Ne1 Bxg2 19. Nxg2 g5 20. Be3 Nf6 21. h4
Ne4 22. Qc2 Qd5 23. hxg5 hxg5 24. Rcd1 c3 25. Rd3 cxb2 26. Qxb2 Rc7 27. Bd2 Qd7
28. Bb4 Rfc8 29. Bxe7 Qxe7 30. Ne3 Nc3 31. d5 exd5 32. Rxd5 Rc5 33. Nf5 Qe4 34.
Rxc5 Rxc5 35. Ne3 Rc6 36. Re1 b6 37. Qd2 Kg7 38. f3 Qe5 39. Kg2 Rc5 40. Ng4 Qd5
41. Qe3 a5 42. Nf2 Qe5 43. Qd2 Rd5 44. Qc2 b5 45. e4 Rd8 46. Rc1 b4 47. axb4
axb4 48. Rh1 Rb8 49. Ng4 Qa5 50. e5 Rh8 51. Rxh8 Kxh8 52. Qf5 Qa2+ 53. Kh3 Qe6
54. Qxg5 b3 55. Qd8+ Kg7 56. Qb8 Nd5 57. Qb5 Ne3 58. Qb4 Qc4 59. Qd2 Qc2 60.
Qxe3 b2 61. Qh6+ 1-0

[Event "Cracovia 2009"]
[Site "Krakow"]
[Date "2010.01.02"]
[Round "7.16"]
[White "Andrenko, Irina"]
[Black "Kaim, Piotr"]
[Result "1/2-1/2"]
[WhiteElo "2154"]
[BlackElo "2284"]
[PlyCount "63"]
[EventDate "2009.??.??"]

1. e4 c5 2. Nf3 Nc6 3. c3 e6 4. d4 d5 5. exd5 exd5 6. Be2 Bd6 7. dxc5 Bxc5 8.
Nbd2 Nge7 9. Nb3 Bb6 10. Bf4 O-O 11. Nbd4 Bg4 12. O-O Re8 13. h3 Bh5 14. Re1
Bg6 15. Qd2 Be4 16. Bb5 Rc8 17. Rad1 a6 18. Bd3 Ng6 19. Be3 Bc7 20. Nxc6 bxc6
21. Bxe4 Rxe4 22. Qd3 Qd6 23. Qxe4 dxe4 24. Rxd6 Bxd6 25. Nd2 f5 26. Nc4 Rd8
27. Kf1 Ne5 28. Nxd6 Rxd6 29. Bf4 Rd5 30. Bxe5 Rxe5 31. Rd1 Kf7 32. Rd6 1/2-1/2

[Event "Cracovia 2009"]
[Site "Krakow"]
[Date "2010.01.02"]
[Round "7.17"]
[White "Llaneza Vega, Patricia"]
[Black "Jagodzinski, Piotr"]
[Result "1-0"]
[WhiteElo "2276"]
[BlackElo "2207"]
[PlyCount "53"]
[EventDate "2009.??.??"]

1. e4 c6 2. d4 d5 3. Nc3 dxe4 4. Nxe4 Nd7 5. Ng5 Ngf6 6. Bc4 e6 7. Qe2 Nb6 8.
Bd3 h6 9. N5f3 c5 10. Be3 Nbd5 11. O-O-O Qa5 12. Kb1 Be7 13. Ne5 O-O 14. Bd2
Qc7 15. g4 cxd4 16. g5 hxg5 17. Ngf3 Qb6 18. Nc4 Qc5 19. Nxg5 b5 20. Ne5 Nc3+
21. bxc3 dxc3 22. Bc1 Rb8 23. Qe3 Qb4+ 24. Ka1 Rb6 25. Qh3 Ra6 26. Bh7+ Kh8 27.
Nexf7+ 1-0

[Event "Cracovia 2009"]
[Site "Krakow"]
[Date "2010.01.02"]
[Round "7.18"]
[White "Barski, Radoslaw"]
[Black "Swiech, Przemyslaw"]
[Result "1-0"]
[WhiteElo "2206"]
[BlackElo "2134"]
[PlyCount "79"]
[EventDate "2009.??.??"]

1. e4 c5 2. Nf3 d6 3. d4 cxd4 4. Nxd4 Nf6 5. Nc3 a6 6. Be2 e5 7. Nb3 Be7 8. Be3
Be6 9. Nd5 Bxd5 10. exd5 O-O 11. O-O Nbd7 12. f3 b5 13. a4 Nb6 14. axb5 Nbxd5
15. Bf2 axb5 16. Bxb5 Rxa1 17. Qxa1 Nf4 18. Na5 d5 19. Nc6 Qc7 20. Qa6 Bd6 21.
Bb6 Qd7 22. g3 Nh3+ 23. Kh1 Qf5 24. Bc7 Bc5 25. Bd3 e4 26. Bb6 Bd6 27. fxe4 Qh5
28. Be2 Ng4 29. e5 Bxe5 30. Bxg4 Qxg4 31. Nxe5 Qe4+ 32. Nf3 Qxc2 33. Bd4 Re8
34. Qb5 Qe4 35. Kg2 Ng5 36. h4 Nxf3 37. Rxf3 h6 38. Qd3 Qe1 39. Bf2 Qb4 40.
Qxd5 1-0

[Event "Cracovia 2009"]
[Site "Krakow"]
[Date "2010.01.02"]
[Round "7.19"]
[White "Warakomska, Anna"]
[Black "Sowul, Bartosz"]
[Result "1/2-1/2"]
[WhiteElo "2189"]
[BlackElo "2101"]
[PlyCount "28"]
[EventDate "2009.??.??"]

1. e4 c5 2. Nf3 d6 3. d4 cxd4 4. Nxd4 Nf6 5. Nc3 a6 6. Be3 e5 7. Nf3 Be7 8. Bc4
O-O 9. O-O Be6 10. Bb3 Nc6 11. Qe2 Na5 12. Rfd1 Nxb3 13. axb3 Qe8 14. Bg5 Qc6
1/2-1/2

[Event "Cracovia 2009"]
[Site "Krakow"]
[Date "2010.01.02"]
[Round "7.20"]
[White "Malec, Sebastian"]
[Black "Veltkamp, Gerben"]
[Result "0-1"]
[WhiteElo "2100"]
[BlackElo "2166"]
[PlyCount "48"]
[EventDate "2009.??.??"]

1. e4 e5 2. Nf3 Nc6 3. Bc4 Nf6 4. Ng5 Nxe4 5. Nxf7 Qh4 6. O-O Bc5 7. d4 Nxf2 8.
Qe2 Nxd4 9. Qxe5+ Ne6 10. Be3 Ng4 11. Bxc5 Nxe5 12. Bxe6 d6 13. Bf2 Qb4 14. Bb3
Rf8 15. Nxe5 dxe5 16. Re1 Rxf2 17. Kxf2 Qd4+ 18. Kf1 Bd7 19. Nc3 O-O-O 20. Bd5
Rf8+ 21. Bf3 Bh3 22. gxh3 Rxf3+ 23. Kg2 Rf2+ 24. Kh1 Qf4 0-1

[Event "Cracovia 2009"]
[Site "Krakow"]
[Date "2010.01.02"]
[Round "7.21"]
[White "Luca, Ionel"]
[Black "Kumor, Lukasz"]
[Result "1/2-1/2"]
[WhiteElo "2153"]
[BlackElo "2104"]
[PlyCount "146"]
[EventDate "2009.??.??"]

1. c4 c6 2. d4 d5 3. cxd5 cxd5 4. Nc3 Nf6 5. Bf4 Nc6 6. e3 e6 7. Bd3 Be7 8. h3
a6 9. Nf3 b5 10. Rc1 Bb7 11. O-O O-O 12. Bb1 Na5 13. Qd3 Rc8 14. Ne5 Nc4 15.
Ng4 g6 16. Nxf6+ Bxf6 17. b3 Na3 18. Qe2 Nxb1 19. Nxb1 Qa5 20. Bd6 Rfe8 21. b4
Qb6 22. Rxc8 Rxc8 23. Bc5 Qc7 24. Nd2 Ba8 25. Qf3 Kg7 26. Rc1 Qd8 27. Qf4 Kg8
28. Nf3 Bg7 29. g4 Qc7 30. Qxc7 Rxc7 31. Kf1 Bb7 32. Ke2 Ba8 33. Nd2 f6 34. Nb3
Bb7 35. Kd2 Kf7 36. Rg1 Bc8 37. Na5 Bd7 38. Rb1 Ke8 39. Rb3 Rc8 40. Nb7 Rc6 41.
e4 dxe4 42. Nd6+ Kd8 43. Nxe4 f5 44. gxf5 exf5 45. d5 Rc8 46. Nd6 Rb8 47. f4
Kc7 48. Nf7 Re8 49. Bd6+ Kb6 50. Be5 Re7 51. Bxg7 Rxf7 52. Bd4+ Kb7 53. h4 Re7
54. Be5 Be8 55. Rc3 Bf7 56. d6 Rd7 57. a3 Bc4 58. Ke3 Kc6 59. Kd4 Rd8 60. a4
Ra8 61. Ra3 Rc8 62. Rc3 Ra8 63. Rc2 Ra7 64. Ke3 Ra8 65. Rc1 Kd7 66. Ra1 Rc8 67.
axb5 Bxb5 68. h5 Ke6 69. hxg6 hxg6 70. Rh1 g5 71. Rh6+ Kd5 72. d7 gxf4+ 73.
Bxf4 Rd8 1/2-1/2

[Event "Cracovia 2009"]
[Site "Krakow"]
[Date "2010.01.02"]
[Round "7.22"]
[White "Bakalarz, Leszek"]
[Black "Wiewiora, Eneasz"]
[Result "1/2-1/2"]
[WhiteElo "2137"]
[BlackElo "2023"]
[PlyCount "136"]
[EventDate "2009.??.??"]

1. e4 e5 2. Nf3 Nc6 3. Bb5 a6 4. Ba4 Nf6 5. O-O b5 6. Bb3 Be7 7. Re1 O-O 8. c3
d5 9. exd5 Nxd5 10. Nxe5 Nxe5 11. Rxe5 c6 12. d3 Bd6 13. Re1 Qh4 14. g3 Qh3 15.
Re4 Bd7 16. Rh4 Qf5 17. Nd2 Rfe8 18. Ne4 Be7 19. Rh5 Qg6 20. h3 Nf6 21. Rg5 Qh6
22. Re5 Qg6 23. Rg5 Qh6 24. Rxb5 Qg6 25. Rg5 Qh6 26. Rg4 Bxg4 27. hxg4 Qg6 28.
Nxf6+ Bxf6 29. Bc2 Bg5 30. d4 Qh6 31. Bxg5 Qxg5 32. Bd3 g6 33. Be2 Rab8 34. b3
a5 35. Bf3 c5 36. d5 Qe5 37. Qd3 Qd6 38. Kg2 Re7 39. Qc4 Re5 40. Qa4 Qc7 41.
Rd1 Rd8 42. Qb5 Rd6 43. a3 Re7 44. g5 Qb6 45. Qc4 Qc7 46. Qh4 Qb6 47. Rh1 f5
48. gxf6 Rxf6 49. Rd1 Ref7 50. Rd3 Qxb3 51. Qe4 c4 52. Re3 Qxa3 53. Qxc4 Qf8
54. d6 Qxd6 55. Bd5 Rxf2+ 56. Kh3 Qf6 57. Bxf7+ Qxf7 58. Re6 Kg7 59. Qd4+ Rf6
60. Re5 h5 61. Rxa5 Qe6+ 62. Kh4 Qe1 63. Ra2 g5+ 64. Kxg5 Qxg3+ 65. Kxh5 Qh3+
66. Kg5 Qg3+ 67. Kh5 Qh3+ 68. Kg5 Qg3+ 1/2-1/2

[Event "Cracovia 2009"]
[Site "Krakow"]
[Date "2010.01.02"]
[Round "7.23"]
[White "Wandzik, Wojciech"]
[Black "Zysko, Jan"]
[Result "1-0"]
[WhiteElo "2092"]
[BlackElo "2205"]
[PlyCount "61"]
[EventDate "2009.??.??"]

1. e4 c5 2. Nf3 d6 3. Bb5+ Bd7 4. Bxd7+ Qxd7 5. O-O Nf6 6. Re1 e6 7. c3 Be7 8.
d4 cxd4 9. cxd4 d5 10. e5 Ne4 11. Nbd2 Nxd2 12. Bxd2 O-O 13. Rc1 Nc6 14. Rc3
Rac8 15. a3 b5 16. Rd3 a5 17. h4 a4 18. Ng5 Bxg5 19. hxg5 g6 20. Qg4 Qa7 21.
Qf4 b4 22. g4 bxa3 23. bxa3 Rb8 24. Kg2 Rb3 25. Bc3 Rxa3 26. Rh3 Rxc3 27. Rxh7
f5 28. Rxa7 Nxa7 29. Rh1 Rc7 30. gxf5 gxf5 31. g6 1-0

[Event "Cracovia 2009"]
[Site "Krakow"]
[Date "2010.01.02"]
[Round "7.24"]
[White "Sliwerski, Radoslaw"]
[Black "Motyl, Tomasz"]
[Result "1-0"]
[WhiteElo "2157"]
[BlackElo "2022"]
[PlyCount "63"]
[EventDate "2009.??.??"]

1. d4 d6 2. Nf3 Bg4 3. c4 Nd7 4. Nc3 Ngf6 5. g3 e5 6. Bg2 c6 7. O-O Qc7 8. h3
Bh5 9. Be3 Be7 10. Nh4 Bg6 11. Rc1 O-O 12. Nxg6 hxg6 13. b4 exd4 14. Bxd4 Rfe8
15. Qb3 Nf8 16. e4 Ne6 17. Be3 Nd7 18. Nd5 cxd5 19. cxd5 Nec5 20. bxc5 Nxc5 21.
Bxc5 dxc5 22. f4 Rac8 23. Qc4 Qa5 24. Rb1 b6 25. e5 Qd2 26. Rbd1 Qe3+ 27. Kh2
g5 28. d6 gxf4 29. Rxf4 Kh8 30. Qxf7 Bg5 31. Re4 Qc3 32. Rh4+ 1-0

[Event "Cracovia 2009"]
[Site "Krakow"]
[Date "2010.01.02"]
[Round "7.25"]
[White "Jussupow, Alexander"]
[Black "Slabek, Grzegorz"]
[Result "1/2-1/2"]
[WhiteElo "2110"]
[BlackElo "2154"]
[PlyCount "139"]
[EventDate "2009.??.??"]

1. d4 Nf6 2. Nf3 g6 3. Bf4 Bg7 4. h3 O-O 5. e3 d6 6. Be2 b6 7. O-O Bb7 8. c4
Ne4 9. Nbd2 Nd7 10. Bh2 c5 11. d5 Nxd2 12. Qxd2 Ne5 13. Ne1 f5 14. f4 Nf7 15.
Bf3 Rb8 16. e4 fxe4 17. Bxe4 Bd4+ 18. Kh1 e6 19. Nf3 Bg7 20. dxe6 Bxe4 21.
exf7+ Kh8 22. Ng5 Bf5 23. Rae1 Qf6 24. b3 h6 25. Ne4 Bxe4 26. Rxe4 Rxf7 27.
Rfe1 Rd8 28. Re6 Qc3 29. Qe2 Kh7 30. Qe4 Rf6 31. Re7 a5 32. a4 Rdf8 33. Qb7
R6f7 34. Qe4 Qxb3 35. Re6 Rf6 36. f5 gxf5 37. Qd5 Qxa4 38. Bxd6 Rxe6 39. Rxe6
Qa1+ 40. Kh2 Rf7 41. Bf4 Rf8 42. Re7 Qf6 43. Qb7 Kg6 44. Qd7 Rf7 45. Rxf7 Qxf7
46. Qc6+ Qf6 47. Qe8+ Qf7 48. Qc6+ Qf6 49. Qe8+ Kh7 50. Bc7 a4 51. Qxa4 Qe6 52.
Bg3 Be5 53. Bxe5 Qxe5+ 54. Kh1 Qe1+ 55. Kh2 Qe6 56. Qc2 Kg7 57. Qd3 Kf6 58. h4
Qe5+ 59. g3 Qd4 60. Qe2 Qe4 61. Qd2 Kg6 62. Qd8 Qe2+ 63. Kh3 Qe6 64. Kh2 f4 65.
gxf4 Qe2+ 66. Kg3 Qe3+ 67. Kg2 Qe2+ 68. Kg3 Qe3+ 69. Kg2 Qe2+ 70. Kg3 1/2-1/2

[Event "Cracovia 2009"]
[Site "Krakow"]
[Date "2010.01.02"]
[Round "7.26"]
[White "Pietruszewski, Marcin"]
[Black "Jussupow, Ekaterina"]
[Result "1-0"]
[WhiteElo "2071"]
[BlackElo "2153"]
[PlyCount "97"]
[EventDate "2009.??.??"]

1. e4 d5 2. exd5 Qxd5 3. Nc3 Qa5 4. d4 Nf6 5. Nf3 Bf5 6. Bc4 e6 7. O-O Nc6 8.
Qe2 O-O-O 9. Rd1 Bg4 10. Be3 Qh5 11. h3 Bxf3 12. Qxf3 Qxf3 13. gxf3 g6 14. a3
Bg7 15. Ne2 Ne7 16. Bd3 Rd7 17. Rd2 Rhd8 18. Rad1 Nf5 19. Bxf5 gxf5 20. c4 c6
21. Bg5 h6 22. Bxf6 Bxf6 23. f4 a5 24. Kg2 Be7 25. Kf3 b5 26. cxb5 cxb5 27.
Rc1+ Kb7 28. Ke3 f6 29. Rcc2 b4 30. a4 Rd5 31. Nc1 R8d6 32. Nb3 Bd8 33. Rc5 Bb6
34. Rxd5 Rxd5 35. Kd3 Rd8 36. Re2 Rd6 37. Kc4 Ka6 38. f3 Kb7 39. Nc5+ Kc6 40.
Nxe6 Rd5 41. Rd2 Kd6 42. Nc5 Kc6 43. Nb3 Bc7 44. Re2 Rd6 45. Re7 Kb6 46. Nc5
Rc6 47. b3 Rd6 48. d5 Rd8 49. Rxc7 1-0

[Event "Cracovia 2009"]
[Site "Krakow"]
[Date "2010.01.02"]
[Round "7.27"]
[White "Czyz, Artur"]
[Black "Bebchuk, Leonid"]
[Result "1/2-1/2"]
[WhiteElo "2070"]
[BlackElo "2151"]
[PlyCount "121"]
[EventDate "2009.??.??"]

1. e4 e5 2. Nf3 Nf6 3. d3 Nc6 4. Nbd2 g6 5. Be2 Bg7 6. c3 O-O 7. O-O d5 8. Qc2
a5 9. Re1 h6 10. Nf1 Be6 11. Ng3 Qd7 12. Be3 Ng4 13. Bc5 Rfd8 14. h3 Nf6 15.
Rad1 b6 16. Be3 d4 17. cxd4 exd4 18. Bd2 Nb4 19. Bxb4 axb4 20. b3 Ne8 21. Nh2
Nd6 22. f4 Nb5 23. f5 gxf5 24. exf5 Bd5 25. f6 Bxf6 26. Ng4 Bg5 27. Bf3 Bxf3
28. gxf3 Nc3 29. f4 Rxa2 30. Qxa2 Nxa2 31. fxg5 Kh8 32. Rd2 Nc3 33. Nxh6 Qxh3
34. Ngf5 Rd6 35. Nxf7+ Kg8 36. N7h6+ Rxh6 37. Nxh6+ Kg7 38. Re7+ Kg6 39. Nf7
Qg4+ 40. Rg2 Qd1+ 41. Kh2 Nd5 42. Ne5+ Kf5 43. Rf2+ Nf4 44. Nf3 Kg6 45. Nh4+
Kxg5 46. Re5+ Kf6 47. Rf5+ Ke6 48. R5xf4 Qxd3 49. R4f3 Qe4 50. Ng2 Kd7 51. Nf4
Kc6 52. Kg3 Kb5 53. Re2 Qb1 54. Re5+ c5 55. Re6 Qf5 56. Rd6 Ka5 57. Rd3 Ka6 58.
Rd5 Qe4 59. Rd6 Kb7 60. Re6 Qf5 61. Rd2 1/2-1/2

[Event "Cracovia 2009"]
[Site "Krakow"]
[Date "2010.01.02"]
[Round "7.28"]
[White "Baumann, Dariusz"]
[Black "Shilov, Sergej"]
[Result "1-0"]
[WhiteElo "2085"]
[BlackElo "2267"]
[PlyCount "105"]
[EventDate "2009.??.??"]

1. d4 Nf6 2. c4 c5 3. d5 e6 4. Nc3 exd5 5. cxd5 d6 6. e4 g6 7. h3 Bg7 8. Nf3
O-O 9. Bd3 b5 10. Bxb5 Nxe4 11. Nxe4 Qa5+ 12. Nfd2 Qxb5 13. Nxd6 Qa6 14. N2c4
Nd7 15. O-O Nb6 16. Nxb6 axb6 17. Nxc8 Raxc8 18. Bg5 f6 19. Bf4 Qc4 20. Qf3 f5
21. b3 Qe4 22. Rad1 Rfe8 23. d6 Qxf3 24. gxf3 Red8 25. d7 Rc6 26. Bg5 Bf6 27.
Bxf6 Rxf6 28. Rd5 Kf7 29. Rfd1 Ke7 30. f4 Re6 31. Kg2 Re4 32. Kf3 Re6 33. a4
Rc6 34. R1d3 c4 35. Re3+ Kf7 36. Rc3 Ke6 37. Rd4 Rc5 38. Rcxc4 Rxc4 39. bxc4
Rxd7 40. Rxd7 Kxd7 41. Ke3 Kd6 42. Kd4 Kc6 43. h4 Kd6 44. f3 Kc6 45. Ke5 Kc5
46. Kf6 Kb4 47. Kg7 h5 48. Kxg6 Kxa4 49. Kxh5 Kb3 50. Kg6 Kxc4 51. h5 b5 52. h6
b4 53. h7 1-0

[Event "Cracovia 2009"]
[Site "Krakow"]
[Date "2010.01.02"]
[Round "7.29"]
[White "Staroszczyk, Mateusz"]
[Black "Gosciniak, Maria"]
[Result "1/2-1/2"]
[WhiteElo "2044"]
[BlackElo "2188"]
[PlyCount "80"]
[EventDate "2009.??.??"]

1. e4 Nf6 2. e5 Nd5 3. c4 Nb6 4. c5 Nd5 5. Bc4 e6 6. Nc3 Nxc3 7. bxc3 Bxc5 8.
d4 Bf8 9. Qg4 d5 10. Bd3 c5 11. Nf3 cxd4 12. cxd4 Bb4+ 13. Kf1 g6 14. h4 h5 15.
Qf4 b6 16. Ng5 Qe7 17. Rb1 Ba6 18. Rh3 Bxd3+ 19. Rxd3 Nc6 20. Rf3 O-O-O 21.
Nxf7 Rdf8 22. Nxh8 Rxf4 23. Rxf4 Bc3 24. Be3 Kb8 25. Nxg6 Qh7 26. Rc1 Bb2 27.
Rxc6 Qxg6 28. Ke2 Kb7 29. Rd6 Kc7 30. Rf6 Qg4+ 31. Kd2 Bxd4 32. Rf7+ Kc8 33.
Bg5 Bc3+ 34. Kxc3 Qc4+ 35. Kb2 Qd4+ 36. Kc2 Qc4+ 37. Kd2 Qd4+ 38. Kc2 Qc4+ 39.
Kd1 Qd4+ 40. Kc2 Qc4+ 1/2-1/2

[Event "Cracovia 2009"]
[Site "Krakow"]
[Date "2010.01.02"]
[Round "7.30"]
[White "Iwanow, Anna"]
[Black "Jussupow, Nadia"]
[Result "1-0"]
[WhiteElo "2026"]
[BlackElo "2178"]
[PlyCount "43"]
[EventDate "2009.??.??"]

1. e4 e5 2. Nf3 Nf6 3. Nxe5 d6 4. Nf3 Nxe4 5. d4 d5 6. Bd3 Nc6 7. O-O Be7 8.
Re1 Nf6 9. c3 O-O 10. Nbd2 Bg4 11. Nf1 Qd7 12. Ng3 Bd6 13. h3 Bxf3 14. Qxf3
Rae8 15. Bg5 Bxg3 16. Bxf6 Re6 17. Bg5 Bd6 18. Bf5 h6 19. Qg4 hxg5 20. Rxe6 Qd8
21. Qh5 fxe6 22. Bxe6+ 1-0

[Event "Cracovia 2009"]
[Site "Krakow"]
[Date "2010.01.02"]
[Round "7.31"]
[White "Zajac, Mateusz"]
[Black "Kireev, Andrey"]
[Result "0-1"]
[WhiteElo "1839"]
[BlackElo "2163"]
[PlyCount "144"]
[EventDate "2009.??.??"]

1. Nf3 Nc6 2. e4 e5 3. d4 exd4 4. Nxd4 Bc5 5. Nxc6 Qf6 6. Qf3 Qxc6 7. Bd3 Ne7
8. O-O O-O 9. Nc3 Bd4 10. Nd5 Nxd5 11. exd5 Qf6 12. Qe4 g6 13. c3 Be5 14. f4
Bd6 15. Be3 b6 16. Bd4 Bc5 17. Bxc5 bxc5 18. f5 g5 19. Rf3 d6 20. h4 gxh4 21.
Qg4+ Kh8 22. Rh3 Rg8 23. Qxh4 Qxh4 24. Rxh4 f6 25. Re1 Bb7 26. c4 Rg7 27. Re6
Rf8 28. Kf2 Bc8 29. Re3 Rfg8 30. g3 Bd7 31. Rh6 Rf7 32. Rh4 Rb8 33. b3 a5 34.
Rhe4 Kg7 35. Re7 Kf8 36. Rxf7+ Kxf7 37. Kf3 a4 38. Bc2 a3 39. g4 Re8 40. Rxe8
Bxe8 41. Kf4 Kg7 42. Be4 h6 43. Bf3 Kf8 44. Bg2 Ke7 45. Bf3 Kd8 46. Ke3 Bd7 47.
Be4 Ke7 48. Kf4 Kf7 49. Bf3 Kf8 50. Be4 Ke7 51. Bg2 Kd8 52. Be4 Kc8 53. Ke3 Kb7
54. Kd3 Kb6 55. Kd2 c6 56. Kc3 cxd5 57. cxd5 Ka5 58. Bd3 Bc8 59. Bc4 Bb7 60.
Kc2 Kb4 61. Kd2 Bc8 62. Kc2 Bd7 63. Kd2 Be8 64. Be2 Bf7 65. Bc4 h5 66. gxh5
Bxh5 67. Be2 Bxe2 68. Kxe2 Kc3 69. Ke3 c4 70. b4 Kxb4 71. Kd4 Kb5 72. Kc3 Kc5
0-1

[Event "Cracovia 2009"]
[Site "Krakow"]
[Date "2010.01.02"]
[Round "7.32"]
[White "Watorek, Marcin"]
[Black "Korosciel, Aneta"]
[Result "0-1"]
[WhiteElo "2133"]
[BlackElo "2030"]
[PlyCount "86"]
[EventDate "2009.??.??"]

1. d4 Nf6 2. Nf3 e6 3. c4 b6 4. g3 Bb7 5. Bg2 Be7 6. O-O O-O 7. Nc3 Ne4 8. Bd2
Bf6 9. Qc2 Nxd2 10. Qxd2 d6 11. e4 Nd7 12. Rfe1 a6 13. d5 exd5 14. cxd5 Re8 15.
Nd4 Ne5 16. b3 Qd7 17. f4 Ng6 18. Rac1 h5 19. Nce2 h4 20. Qc2 Rac8 21. Nf5 c6
22. dxc6 Bxc6 23. Qd3 Bb2 24. Rcd1 Ba3 25. gxh4 Bb4 26. h5 Bxe1 27. Rxe1 Ne7
28. Ned4 Nxf5 29. Nxf5 Qxf5 30. exf5 Rxe1+ 31. Kf2 Bb5 32. Qd4 Re2+ 33. Kg3
Rec2 34. Be4 R8c3+ 35. Kg4 Rc1 36. f6 Be2+ 37. Kg5 Rh3 38. fxg7 Rxh5+ 39. Kf6
Rh6+ 40. Ke7 Re6+ 41. Kd8 Bb5 42. Bc6 Rxc6 43. f5 Re8+ 0-1

[Event "Cracovia 2009"]
[Site "Krakow"]
[Date "2010.01.02"]
[Round "7.33"]
[White "Andrzejewska, Anna"]
[Black "Rago, Riccardo"]
[Result "1/2-1/2"]
[WhiteElo "2007"]
[BlackElo "2105"]
[PlyCount "71"]
[EventDate "2009.??.??"]

1. e4 c5 2. Nf3 Nc6 3. d4 cxd4 4. Nxd4 Nf6 5. Nc3 e5 6. Ndb5 d6 7. Bg5 a6 8.
Na3 b5 9. Nd5 Be7 10. Bxf6 Bxf6 11. c4 b4 12. Nc2 a5 13. Be2 O-O 14. O-O Bg5
15. Bg4 Bb7 16. Qd3 g6 17. g3 Ne7 18. Nce3 Bxe3 19. Nxe3 Qb6 20. Rfd1 Rad8 21.
Nd5 Nxd5 22. cxd5 Bc8 23. Bxc8 Rxc8 24. Rac1 Rc5 25. Rc4 Rfc8 26. Rdc1 Rxc4 27.
Rxc4 Qa6 28. Rxc8+ Qxc8 29. Qb5 Qc5 30. Qb8+ Kg7 31. b3 Qc2 32. Qxd6 Qb1+ 33.
Kg2 Qxe4+ 34. Kg1 Qb1+ 35. Kg2 Qe4+ 36. Kg1 1/2-1/2

[Event "Cracovia 2009"]
[Site "Krakow"]
[Date "2010.01.02"]
[Round "7.34"]
[White "Kondopoulos, Dimitrios"]
[Black "Tantsiura, Marja"]
[Result "0-1"]
[WhiteElo "2061"]
[BlackElo "1995"]
[PlyCount "76"]
[EventDate "2009.??.??"]

1. e4 d6 2. d4 Nf6 3. Nc3 g6 4. f4 Bg7 5. Nf3 O-O 6. Be2 c5 7. d5 Na6 8. O-O
Nc7 9. a4 e6 10. h3 exd5 11. exd5 b6 12. Ra3 a6 13. Ng5 Bb7 14. f5 Ncxd5 15.
fxg6 hxg6 16. Nxd5 Bxd5 17. Rxf6 Qxf6 18. Qxd5 Rae8 19. Rf3 Qe5 20. Qxe5 Rxe5
21. Bxa6 Ra8 22. Bb5 Re1+ 23. Rf1 Bd4+ 24. Kh2 Rxf1 25. Bxf1 Be5+ 26. g3 Rxa4
27. Kg2 d5 28. Nf3 Bf6 29. Ng1 Ra1 30. Ne2 Ra2 31. c3 d4 32. cxd4 cxd4 33. Nf4
Bg5 34. Bc4 Ra4 35. Bb3 Rb4 36. Bd5 Bxf4 37. gxf4 d3 38. Bf3 d2 0-1